REFORMING THE LAW AND STRUCTURE OF THE I (Record no. 20671)
[ view plain ]
| 000 -LEADER | |
|---|---|
| fixed length control field | 00350nam a2200133Ia 4500 |
| 008 - FIXED-LENGTH DATA ELEMENTS--GENERAL INFORMATION | |
| fixed length control field | 240624s9999 xx 000 0 und d |
| 041 ## - LANGUAGE CODE | |
| Language code of text/sound track or separate title | eng |
| 082 ## - DEWEY DECIMAL CLASSIFICATION NUMBER | |
| Classification number | 346.08215 FRI |
| 100 ## - MAIN ENTRY--PERSONAL NAME | |
| Personal name | FRIEDLAND JOHN H |
| 245 ## - TITLE STATEMENT | |
| Title | REFORMING THE LAW AND STRUCTURE OF THE I |
| 260 ## - PUBLICATION, DISTRIBUTION, ETC. | |
| Date of publication, distribution, etc. | 2004 |
| Place of publication, distribution, etc. | London |
| Name of publisher, distributor, etc. | Praeger |
| 300 ## - PHYSICAL DESCRIPTION | |
| Extent | xiv, : 345 : p. : cm. ; 24 |
| 365 ## - TRADE PRICE | |
| Currency code | |
| Price amount | 26 |
| Withdrawn status | Lost status | Damaged status | Not for loan | Home library | Current library | Shelving location | Date acquired | Source of acquisition | Cost, normal purchase price | Total Checkouts | Full call number | Barcode | Date last seen | Copy number | Price effective from | Koha item type |
|---|---|---|---|---|---|---|---|---|---|---|---|---|---|---|---|---|
| IMTN | IMTN | Rack 15-A | 12/13/2012 | TB | 108.00 | 346.08215 FRI | 20671 | 06/24/2024 | 57.5 | 06/24/2024 | Books |